000 00532nam a22001697a 4500
005 20231005124631.0
020 _a9789382657675
_c295.00
082 _aS
_2First
100 _aBaum, Luman frank
_957671
245 _aAmerican Fairy Tales/
_cBy Frank Baum Luman
250 _aFirst
260 _aNew Delhi
_bVaibhav Publication
_c2021
270 _a24/4806, Ansari Road , Darya Ganj
_bNew Delhi
_e110002
_k011-47340207
300 _a93p.
_b22cm(hbk)
942 _2ddc
_cEN
_hS
_mBAU
999 _c198573
_d198573